[Event "European Rapid 2014"]
[Site "Wroclaw POL"]
[Date "2014.12.20"]
[Round "2.22"]
[White "Lach, Piotr"]
[Black "Kovalev, Vladislav"]
[Result "1-0"]
[BlackTitle "GM"]
[WhiteElo "2128"]
[BlackElo "2539"]
[WhiteFideId "1126059"]
[BlackFideId "13504398"]
[EventDate "2014.12.20"]

1. e4 e5 2. Nf3 Nc6 3. Bc4 Nf6 4. d3 Bc5 5. c3 O-O 6. Bg5 h6 7. Bh4 Be7 8. O-O
d6 9. Bb3 Nh5 10. Bg3 Nxg3 11. fxg3 Kh8 12. Nbd2 f5 13. Qe2 Qe8 14. Rae1 Qg6 15.
d4 exd4 16. Nxd4 Nxd4 17. cxd4 Bg5 18. Nf3 Bf6 19. e5 dxe5 20. dxe5 Be7 21. e6
Qf6 22. Qe5 Qxe5 23. Nxe5 Kh7 24. g4 f4 25. Nd3 g5 26. g3 Rd8 27. Bc2 Kg8 28.
gxf4 b6 29. f5 Bf6 30. Ne5 Bb7 31. Bb3 Kg7 32. Rf2 Rd4 33. h3 h5 34. gxh5 a5 35.
Ng4 Rxg4+ 36. hxg4 a4 37. Bc4 Rd8 38. e7 Re8 39. h6+ Kxh6 40. Re6 Kg7 41. Rfe2
Bf3 42. Bb5 Bd4+ 43. Kh2 Kf7 44. Bxe8+ Kxe8 45. Rd2 c5 46. f6 Bxg4 47. f7+ 1-0

[Event "European Rapid 2014"]
[Site "Wroclaw POL"]
[Date "2014.12.20"]
[Round "2.23"]
[White "Bosiocic, Marin"]
[Black "Kowalczyk, Rafal"]
[Result "1-0"]
[WhiteTitle "GM"]
[WhiteElo "2555"]
[BlackElo "2180"]
[WhiteFideId "14507927"]
[BlackFideId "1133853"]
[EventDate "2014.12.20"]

1. e4 e5 2. Nf3 Nc6 3. Bb5 f5 4. d3 fxe4 5. dxe4 Nf6 6. Nc3 Bb4 7. Qd3 d6 8. Bd2
Be6 9. O-O-O h6 10. h3 Nd7 11. Be3 a6 12. Bc4 Bxc4 13. Qxc4 Bxc3 14. Qxc3 Qf6
15. Nd2 O-O-O 16. Kb1 Nf8 17. b4 Ne6 18. Nb3 Rhf8 19. f3 Nf4 20. Rd2 d5 21. Bxf4
d4 22. Qc4 Qxf4 23. Rhd1 Qf7 24. Qxf7 Rxf7 25. a3 Na7 26. a4 Nc6 27. b5 axb5 28.
axb5 Na7 29. c4 b6 30. Ra2 Kb7 31. Kc2 Nc8 32. Nc1 Rd6 33. Nd3 Rg6 34. Kb3 Re7
35. Nb4 Ree6 36. Rda1 h5 37. c5 bxc5 38. Nd3 c4+ 39. Kxc4 Nb6+ 40. Kb4 Kb8 41.
Rc1 Re7 42. Kb3 Kc8 43. Nc5 Kb8 44. Na6+ Kb7 45. Nb4 Re8 46. Nc6 Ra8 47. Rxa8
Nxa8 48. Ra1 Nb6 49. Ra7+ Kc8 50. Ne7+ Kb8 51. Nxg6 Kxa7 52. Nxe5 Kb7 53. h4 Nc8
54. Nc6 d3 55. Kc3 Kb6 56. Nd4 Ne7 57. Kxd3 Ng6 58. g3 Ne5+ 59. Ke3 Kc5 60. Ne6+
Kxb5 61. Nxg7 c5 62. Nxh5 c4 63. Nf4 c3 64. Ne2 Kc4 65. h5 c2 66. h6 Kc5 67. h7
Ng6 68. f4 Kd6 69. g4 Ke7 70. g5 Kf7 71. f5 Nh8 72. g6+ 1-0

[Event "European Rapid 2014"]
[Site "Wroclaw POL"]
[Date "2014.12.20"]
[Round "2.24"]
[White "Reza, Wojciech"]
[Black "Lysyj, Igor"]
[Result "0-1"]
[BlackTitle "GM"]
[WhiteElo "2212"]
[BlackElo "2686"]
[WhiteFideId "1151967"]
[BlackFideId "4150120"]
[EventDate "2014.12.20"]

1. d4 Nf6 2. c4 e6 3. Nc3 Bb4 4. f3 c5 5. a3 Bxc3+ 6. bxc3 Qa5 7. Qd2 d6 8. e4
e5 9. d5 Nbd7 10. Bd3 Qa4 11. Rb1 Nb6 12. Qe2 Bd7 13. f4 exf4 14. Bxf4 O-O-O 15.
Nf3 Rhe8 16. Ng5 Bg4 17. Qa2 Qd7 18. O-O h6 19. Nf3 Nxe4 20. Qc2 f5 21. h3 Bh5
22. Rbe1 g5 23. Bh2 Bg6 24. Nd2 Nxd2 25. Qxd2 Rxe1 26. Rxe1 Re8 27. Rf1 Kc7 28.
Qf2 Na4 29. Bc2 b6 30. Qd2 Bh7 31. Bd1 f4 32. h4 Re3 33. Rf3 Rxf3 34. gxf3 a6
35. hxg5 hxg5 36. Kg2 Bf5 37. Bg1 Qh7 38. Bxa4 Qh3+ 39. Kf2 Qg3+ 40. Kf1 Bh3+
41. Ke2 Qxg1 42. Qc2 Bf1+ 43. Kd2 Qf2+ 44. Kc1 Qxc2+ 45. Bxc2 Bxc4 0-1

[Event "European Rapid 2014"]
[Site "Wroclaw POL"]
[Date "2014.12.20"]
[Round "2.25"]
[White "Azarov, Sergei"]
[Black "Ulms, Sandra"]
[Result "1-0"]
[WhiteTitle "GM"]
[WhiteElo "2635"]
[BlackElo "2130"]
[WhiteFideId "13501470"]
[BlackFideId "4618947"]
[EventDate "2014.12.20"]

1. e4 c5 2. Nf3 d6 3. d4 cxd4 4. Nxd4 Nf6 5. Nc3 g6 6. Be3 Bg7 7. f3 Nc6 8. Qd2
O-O 9. O-O-O Nxd4 10. Bxd4 Be6 11. Kb1 Qc7 12. g4 Rfc8 13. h4 Qa5 14. a3 Rab8
15. h5 b5 16. h6 Bh8 17. Bxf6 Bxf6 18. Nd5 Qxd2 19. Nxf6+ exf6 20. Rxd2 Rb6 21.
Be2 Kf8 22. Rhd1 Ke7 23. Rd4 Rc5 24. b4 Rc3 25. Kb2 Re3 26. R1d2 a6 27. R4d3
Rxd3 28. Bxd3 Rc6 29. c3 Bc4 30. Bxc4 Rxc4 31. Rd5 Ke6 32. Kb3 Rc8 33. Rd3 Ke5
34. a4 bxa4+ 35. Kxa4 Rc6 36. Kb3 Rb6 37. c4 Ke6 38. Rd5 Rc6 39. f4 Ke7 40. Kc3
Ke6 41. Ra5 Kd7 42. Kd4 Rb6 43. b5 axb5 44. cxb5 Rb8 45. Ra7+ Ke8 46. Kc4 f5 47.
exf5 gxf5 48. gxf5 d5+ 49. Kc5 d4 50. Ra3 Ke7 51. Rd3 Kf6 52. b6 Kxf5 53. Rxd4
Kg6 54. Rd7 Kxh6 55. Rxf7 Kg6 56. Rd7 h5 57. Kc6 Rf8 58. b7 Kf5 59. Rd5+ Kg4 60.
Rg5+ Kh4 61. Rg7 1-0

[Event "European Rapid 2014"]
[Site "Wroclaw POL"]
[Date "2014.12.20"]
[Round "2.26"]
[White "Laszewicz, Pawel"]
[Black "Bindrich, Falko"]
[Result "0-1"]
[BlackTitle "GM"]
[WhiteElo "2123"]
[BlackElo "2610"]
[WhiteFideId "1101340"]
[BlackFideId "4676670"]
[EventDate "2014.12.20"]

1. e4 c5 2. c3 Nf6 3. e5 Nd5 4. d4 cxd4 5. Nf3 Nc6 6. cxd4 d6 7. Bc4 dxe5 8.
dxe5 Ndb4 9. a3 Qxd1+ 10. Kxd1 Na6 11. h3 Bf5 12. Nc3 O-O-O+ 13. Ke2 e6 14. b4
Nab8 15. Be3 Nd7 16. Rac1 Kb8 17. Rhd1 Be7 18. g4 Bg6 19. Bf4 h5 20. Rd2 hxg4
21. hxg4 Nb6 22. Bb3 Rxd2+ 23. Nxd2 Nd4+ 24. Ke3 Nxb3 25. Nxb3 Nc4+ 26. Ke2 Nxa3
27. Na2 Nb5 28. Nc5 Rd8 29. Nc3 Nd4+ 30. Ke3 Nc2+ 31. Ke2 Nxb4 32. N3e4 Bxe4 33.
Nxe4 Nd3 0-1

[Event "European Rapid 2014"]
[Site "Wroclaw POL"]
[Date "2014.12.20"]
[Round "2.27"]
[White "Swiercz, Dariusz"]
[Black "Ograbek, Grzegorz"]
[Result "1-0"]
[WhiteTitle "GM"]
[WhiteElo "2616"]
[BlackElo "2125"]
[WhiteFideId "1126881"]
[BlackFideId "1110098"]
[EventDate "2014.12.20"]

1. d4 Nf6 2. Bg5 g6 3. Bxf6 exf6 4. g3 Bg7 5. Bg2 d5 6. e3 O-O 7. Ne2 c6 8. Nd2
Nd7 9. c4 dxc4 10. Nxc4 Nb6 11. Qc1 Re8 12. O-O Be6 13. Na5 Qd7 14. Nf4 f5 15.
b4 Bd5 16. Nxd5 Nxd5 17. Rb1 Re7 18. b5 cxb5 19. Qc5 Rd8 20. Bxd5 b6 21. Qxb5
bxa5 22. Bc6 Qd6 23. Qxa5 Bf6 24. Bf3 Rc7 25. Rfc1 Rdc8 26. Rxc7 Qxc7 27. Qxc7
Rxc7 28. Bd1 Kg7 29. Kf1 Be7 30. Ke2 Bd6 31. Rb5 h5 32. h4 Kf6 33. Bb3 Re7 34.
Kd3 Bc7 35. a4 Rd7 36. Rb7 a5 37. Bc4 Re7 38. Rb5 Rd7 39. Rc5 Re7 40. Rc6+ Kg7
41. Ra6 Kf8 42. Bb5 Re6 43. Ra7 Re7 44. d5 Kg7 45. Ra6 Re5 46. Kd4 Re4+ 47. Kc5
Rb4 48. d6 Bd8 49. Ra8 Bf6 50. d7 Rb2 51. d8=Q Rc2+ 52. Kb6 Bxd8+ 53. Rxd8 Rxf2
54. Kxa5 Rf3 55. Kb6 1-0

[Event "European Rapid 2014"]
[Site "Wroclaw POL"]
[Date "2014.12.20"]
[Round "2.28"]
[White "Turlej, Lukasz"]
[Black "Miton, Kamil"]
[Result "0-1"]
[BlackTitle "GM"]
[WhiteElo "2122"]
[BlackElo "2601"]
[WhiteFideId "1125680"]
[BlackFideId "1111914"]
[EventDate "2014.12.20"]

1. d4 Nf6 2. Nf3 g6 3. c4 Bg7 4. Nc3 O-O 5. e4 c6 6. Be2 d5 7. cxd5 cxd5 8. e5
Ne4 9. O-O Nc6 10. Qb3 Nxc3 11. bxc3 b6 12. Bg5 Na5 13. Qb4 Re8 14. Bb5 Bd7 15.
e6 fxe6 16. Rfe1 Bxb5 17. Qxb5 Qc8 18. Qd3 Nc4 19. h4 Nd6 20. h5 gxh5 21. Rac1
Ne4 22. Rxe4 dxe4 23. Qxe4 Qc4 24. Qh4 Qd5 25. Qxh5 h6 26. Ne5 Qe4 27. Bxh6 Qf5
28. Qh2 Qh7 29. Bxg7 Qxh2+ 30. Kxh2 Kxg7 31. g4 Rac8 32. Kg3 Red8 33. Nf3 e5 34.
Nxe5 Rxd4 35. f4 Ra4 36. g5 Rxa2 37. c4 Rd8 38. g6 Kf6 39. Rh1 Ra3+ 40. Kg4 Rd2
41. Rh7 Rg2+ 42. Kh4 Rh2+ 43. Kg4 Rxh7 44. gxh7 Kg7 45. Ng6 Kxh7 46. Nxe7 Kg7
47. Kf5 Kf7 48. Nc6 a5 49. Ke5 a4 50. f5 Rf3 51. Nd4 a3 52. Nxf3 a2 53. Ng5+ Ke8
54. Ke6 a1=Q 55. Ne4 Qe1 56. Kd5 Ke7 57. f6+ Kf7 58. Kd4 Ke6 59. c5 bxc5+ 60.
Nxc5+ Kxf6 61. Ne4+ Kf5 0-1

[Event "European Rapid 2014"]
[Site "Wroclaw POL"]
[Date "2014.12.20"]
[Round "2.29"]
[White "Mastrovasilis, Dimitrios"]
[Black "Wisniowska, Klaudia"]
[Result "1-0"]
[WhiteTitle "GM"]
[BlackTitle "WFM"]
[WhiteElo "2608"]
[BlackElo "2187"]
[WhiteFideId "4202694"]
[BlackFideId "1181238"]
[EventDate "2014.12.20"]

1. e4 c5 2. b3 d6 3. Bb2 e5 4. Bb5+ Nd7 5. Ne2 Nf6 6. Nbc3 a6 7. Bxd7+ Bxd7 8.
O-O Bc6 9. d3 Qc7 10. f4 O-O-O 11. Qe1 h5 12. Nd1 Re8 13. c4 Ng4 14. h3 Nh6 15.
f5 Be7 16. Ne3 Bg5 17. Bc1 Qd8 18. Nd5 Bxd5 19. cxd5 g6 20. fxg6 fxg6 21. b4 Bh4
22. Qc3 Qc7 23. Be3 Be7 24. bxc5 dxc5 25. Rac1 b6 26. d4 exd4 27. Nxd4 Qe5 28.
Qd3 Kb7 29. Nc6 Qg3 30. Rf3 Qd6 31. e5 Qd7 32. e6 Qc8 33. Bxh6 Rxh6 34. Rf7 1-0

[Event "European Rapid 2014"]
[Site "Wroclaw POL"]
[Date "2014.12.20"]
[Round "2.30"]
[White "Sadeghi, Hassan"]
[Black "Mista, Aleksander"]
[Result "0-1"]
[BlackTitle "GM"]
[WhiteElo "2121"]
[BlackElo "2614"]
[WhiteFideId "1304712"]
[BlackFideId "1110381"]
[EventDate "2014.12.20"]

1. Nf3 Nf6 2. g3 g6 3. Bg2 Bg7 4. O-O O-O 5. c4 d6 6. Nc3 e5 7. d3 Nc6 8. Rb1 a5
9. a3 h6 10. b4 axb4 11. axb4 Be6 12. b5 Ne7 13. Ne1 d5 14. cxd5 Nexd5 15. Bd2
Nxc3 16. Bxc3 Nd5 17. Bb2 Ra5 18. Nf3 Qd6 19. d4 Rxb5 20. Nxe5 c5 21. dxc5 Qxc5
22. Nd3 Qb6 23. Bxg7 Kxg7 24. Rxb5 Qxb5 25. Qa1+ Kg8 26. Rb1 Qa6 27. Qxa6 bxa6
28. Ra1 Nc7 29. Rc1 Nb5 30. Ra1 Nc3 31. Kf1 Bg4 32. f3 Bc8 33. Ra3 Nb5 34. Ra5
Rd8 35. f4 Kf8 36. Bc6 Nc7 37. Kf2 Be6 38. Ne5 Rd6 39. Ba4 Rd5 40. Rxd5 Bxd5 41.
Ke3 Ne6 42. Nd7+ Ke7 43. Kd3 f5 44. Kc3 g5 45. e3 Kd6 46. Ne5 Nc5 47. Bc2 Be6
48. Kb4 Nb7 49. Bd3 a5+ 50. Kb5 Kc7 51. fxg5 hxg5 52. h4 gxh4 53. gxh4 Bg8 54.
h5 Bh7 55. Nf7 a4 56. Bb1 a3 57. h6 f4 58. e4 f3 59. Kb4 f2 60. Bd3 a2 0-1

[Event "European Rapid 2014"]
[Site "Wroclaw POL"]
[Date "2014.12.20"]
[Round "2.31"]
[White "Guliyev, Namig"]
[Black "Bindrich, Oswald"]
[Result "1-0"]
[WhiteTitle "GM"]
[WhiteElo "2557"]
[BlackElo "2122"]
[WhiteFideId "13400363"]
[BlackFideId "4633024"]
[EventDate "2014.12.20"]

1. e4 e5 2. Nf3 Nc6 3. Bb5 a6 4. Ba4 Nf6 5. O-O Nxe4 6. d4 b5 7. Bb3 d5 8. dxe5
Be6 9. Nbd2 Bc5 10. Nxe4 dxe4 11. Bxe6 fxe6 12. Ng5 O-O 13. Qxd8 Nxd8 14. Nxe4
Bd4 15. c3 Bxe5 16. Be3 Nb7 17. g3 Nd6 18. Nc5 Nc4 19. Bc1 Rfe8 20. Rb1 Rad8 21.
Nxa6 Nd2 22. Bxd2 Rxd2 23. Nc5 b4 24. Ne4 Rc2 25. f4 Bf6 26. Nxf6+ gxf6 27. cxb4
Rd8 28. Rf2 Rc4 29. a3 Kf7 30. Re1 Rd3 31. Ree2 Ke7 32. Rc2 Rxc2 33. Rxc2 Kd6
34. Kf2 e5 35. fxe5+ fxe5 36. b5 Rb3 37. a4 Rb4 38. Rc6+ Kd7 39. Rh6 Rxa4 40.
Rxh7+ Kd6 41. Ke3 Rb4 42. h4 Rxb5 43. g4 Rxb2 44. g5 Ke6 45. g6 Kf6 46. h5 Rb8
47. g7 Rg8 48. h6 c5 49. Rh8 Kf7 50. Ke4 c4 51. Kf5 c3 52. Rxg8 1-0

[Event "European Rapid 2014"]
[Site "Wroclaw POL"]
[Date "2014.12.20"]
[Round "2.32"]
[White "Polacik, Igor"]
[Black "Moranda, Wojciech"]
[Result "0-1"]
[BlackTitle "GM"]
[WhiteElo "2190"]
[BlackElo "2591"]
[WhiteFideId "14905051"]
[BlackFideId "1122401"]
[EventDate "2014.12.20"]

1. e4 c5 2. Nf3 d6 3. Bb5+ Nc6 4. O-O Bd7 5. Re1 Nf6 6. h3 e6 7. c3 Ne5 8. Bxd7+
Nfxd7 9. d4 Nxf3+ 10. Qxf3 Be7 11. Qg3 O-O 12. e5 Bh4 13. Qg4 f5 14. Qf3 d5 15.
Na3 cxd4 16. cxd4 Qb6 17. Qd3 Rac8 18. b3 Rc6 19. Bb2 Rfc8 20. g3 Be7 21. Rec1
Rxc1+ 22. Rxc1 Rxc1+ 23. Bxc1 Qa5 24. Nc2 Qxa2 25. Kg2 Nb8 26. g4 fxg4 27. hxg4
Nc6 28. g5 Qa6 29. Qxa6 bxa6 30. f4 Kf7 31. Bd2 Bd8 32. Kf3 Bb6 33. Bc3 Kg6 34.
Kg4 h6 35. gxh6 gxh6 36. Kg3 h5 37. Kf3 a5 38. Kg3 Ne7 39. Ne3 Nf5+ 40. Nxf5
Kxf5 41. Kh4 Kg6 42. Kg3 Bd8 43. Be1 Kf5 44. Kf3 h4 45. Bf2 h3 46. Bg1 Bh4 47.
Bh2 Be1 48. Bg1 Bc3 49. Kg3 Bd2 50. Kxh3 Kxf4 51. Kh4 Ke4 52. Kh5 Kd3 53. Kg6
Kc2 54. Kf6 Kxb3 55. Kxe6 a4 56. Kxd5 a3 57. e6 Bb4 58. Bh2 a2 59. Bd6 a1=Q 60.
Bxb4 Kxb4 0-1

[Event "European Rapid 2014"]
[Site "Wroclaw POL"]
[Date "2014.12.20"]
[Round "2.34"]
[White "Malachi, Avraham"]
[Black "Kempinski, Robert"]
[Result "0-1"]
[BlackTitle "GM"]
[WhiteElo "2108"]
[BlackElo "2626"]
[WhiteFideId "2801167"]
[BlackFideId "1105663"]
[EventDate "2014.12.20"]

1. e4 c5 2. Nf3 d6 3. d4 cxd4 4. Nxd4 Nf6 5. Nc3 a6 6. Bg5 Nbd7 7. f4 Qc7 8. Qf3
b5 9. O-O-O Bb7 10. Bd3 g6 11. Nd5 Nxd5 12. exd5 Bg7 13. Nc6 Bf6 14. Bxf6 Nxf6
15. Be4 Rc8 16. Rhe1 Bxc6 17. dxc6 Nxe4 18. Qxe4 e6 19. f5 gxf5 20. Qxf5 Qe7 21.
Qe4 Qg5+ 22. Kb1 Qc5 23. Qd4 Qxd4 24. Rxd4 Rxc6 25. a4 Rg8 26. g3 Rg5 27. Ree4
h5 28. axb5 axb5 29. c3 Ke7 30. Kc2 Rf5 31. Rh4 Rf2+ 32. Kb3 Rc5 33. Rdf4 Re2
34. Re4 Rg2 35. g4 hxg4 36. Rexg4 Rxg4 37. Rxg4 f5 38. Rg8 f4 39. Kc2 Rd5 40.
Rg4 e5 41. h4 f3 42. Rg1 e4 0-1

[Event "European Rapid 2014"]
[Site "Wroclaw POL"]
[Date "2014.12.20"]
[Round "2.35"]
[White "Jussupow, Artur"]
[Black "Kudas, Damian"]
[Result "1/2-1/2"]
[WhiteTitle "GM"]
[WhiteElo "2582"]
[BlackElo "2120"]
[WhiteFideId "4618777"]
[BlackFideId "1137069"]
[EventDate "2014.12.20"]

1. d4 d5 2. Nf3 Nf6 3. e3 c6 4. Bd3 Bg4 5. Nbd2 e6 6. b3 Nbd7 7. Bb2 a5 8. O-O
Bd6 9. c4 O-O 10. Qc2 Qc7 11. c5 Be7 12. Ne5 Nxe5 13. dxe5 Nd7 14. Bxh7+ Kh8 15.
Bd3 Nxc5 16. Rae1 a4 17. e4 axb3 18. axb3 Ra2 19. Be2 Bxe2 20. Rxe2 Qxe5 21. Rb1
Qh5 22. Re3 Kg8 23. Rh3 Rxb2 24. Rxb2 Qg6 25. exd5 Qxc2 26. Rxc2 cxd5 27. b4 Na6
28. b5 Nc5 29. Nb3 b6 30. Nd4 Ra8 31. Rc1 Bf6 32. Nc6 d4 33. g4 g6 34. f4 d3 35.
g5 Bb2 36. Rd1 Ra2 37. Rf3 Bc3 38. Rfxd3 Nxd3 39. Rxd3 Bd2 40. Rf3 Ra4 41. h4
Rxf4 42. Rd3 Bb4 43. Kg2 Rxh4 44. Kg3 Re4 45. Rd7 Bc5 46. Kf3 Re3+ 47. Kf4 Rb3
48. Ne5 Rb4+ 49. Kf3 Rb3+ 50. Kg4 Rb4+ 51. Kf3 Rb3+ 52. Ke4 Rb4+ 53. Kf3 1/2-1/2

[Event "European Rapid 2014"]
[Site "Wroclaw POL"]
[Date "2014.12.20"]
[Round "2.36"]
[White "Smolka, Marcin"]
[Black "Neiksans, Arturs"]
[Result "0-1"]
[BlackTitle "GM"]
[WhiteElo "2018"]
[BlackElo "2559"]
[WhiteFideId "1139681"]
[BlackFideId "11601388"]
[EventDate "2014.12.20"]

1. e4 c5 2. Nf3 e6 3. c4 Nc6 4. Nc3 Nf6 5. Be2 d5 6. exd5 exd5 7. d4 dxc4 8. d5
Na5 9. Bf4 a6 10. O-O b5 11. Re1 Bd6 12. Bxc4+ Kf8 13. Bxd6+ Qxd6 14. Bxb5 axb5
15. Nxb5 Qd7 16. Nc3 Nc4 17. b3 Nd6 18. Ne5 Qc7 19. Na4 Bd7 20. Nxd7+ Nxd7 21.
Rc1 Rxa4 22. bxa4 g6 23. Qf3 Kg7 24. Qc3+ Nf6 25. Qxc5 Qxc5 26. Rxc5 Ra8 27. Rc6
Nfe8 28. h3 Rxa4 29. Rb1 Rxa2 30. Rbb6 Ne4 31. f3 N4f6 32. d6 Rd2 33. Ra6 Nd7
34. Ra8 Nxd6 35. Rd8 Nb7 36. Ra8 Ne5 37. Rb6 Nd8 38. Rc8 Ne6 39. Rb4 g5 40. Ra8
Nf4 41. Ra5 f6 42. Rb7+ Kg6 43. g4 Nxf3+ 44. Kf1 Nd3 0-1

[Event "European Rapid 2014"]
[Site "Wroclaw POL"]
[Date "2014.12.20"]
[Round "2.38"]
[White "Watorek, Marcin"]
[Black "Plat, Vojtech"]
[Result "0-1"]
[BlackTitle "IM"]
[WhiteElo "2110"]
[BlackElo "2432"]
[WhiteFideId "1123491"]
[BlackFideId "325740"]
[EventDate "2014.12.20"]

1. d4 d6 2. Nf3 Nf6 3. c4 Nbd7 4. Nc3 e5 5. Bg5 Be7 6. e3 c6 7. Qc2 O-O 8. O-O-O
Ng4 9. Bxe7 Qxe7 10. h3 Ngf6 11. g4 Nb6 12. Bd3 g6 13. g5 Nh5 14. dxe5 dxe5 15.
Ne4 Bf5 16. Rdg1 Bxe4 17. Bxe4 Nd7 18. Nd2 f5 19. gxf6 Rxf6 20. Bf3 Ng7 21. h4
Raf8 22. h5 Rxf3 23. Nxf3 Rxf3 24. hxg6 h5 25. Qe4 Rxf2 26. Rf1 Nc5 27. Qb1
Rxf1+ 28. Rxf1 Qg5 29. Kd2 Qg2+ 30. Kc3 Ne4+ 31. Kd3 Ne6 32. b4 N6g5 33. Qd1
Qxa2 34. Rf5 Qa3+ 35. Ke2 Nc3+ 0-1

[Event "European Rapid 2014"]
[Site "Wroclaw POL"]
[Date "2014.12.20"]
[Round "2.39"]
[White "Mareckova, Martina"]
[Black "Dragun, Kamil"]
[Result "0-1"]
[WhiteTitle "WFM"]
[BlackTitle "GM"]
[WhiteElo "2102"]
[BlackElo "2547"]
[WhiteFideId "327930"]
[BlackFideId "1134167"]
[EventDate "2014.12.20"]

1. e4 c5 2. Nc3 Nc6 3. Bb5 d6 4. Bxc6+ bxc6 5. d3 g6 6. Nge2 Bg7 7. O-O Nf6 8.
f4 O-O 9. Qe1 Nd7 10. f5 Ne5 11. Kh1 e6 12. fxe6 Bxe6 13. Nf4 Bd7 14. Bd2 Qe7
15. Qg3 f5 16. Rae1 Rf7 17. exf5 Rxf5 18. Nh3 Raf8 19. Rxf5 Rxf5 20. Nd1 Rf8 21.
b3 h6 22. Ne3 g5 23. Nf2 Qf7 24. Ne4 Qg6 25. Rf1 Rxf1+ 26. Nxf1 Bf5 27. Qe1 Bxe4
28. Qxe4 Qxe4 29. dxe4 Kf7 30. Ng3 Ng4 31. h3 Be5 32. hxg4 Bxg3 33. Kg1 Ke6 34.
Bc3 Be5 35. Ba5 Bg3 36. Bc3 Be5 37. Ba5 Bd4+ 38. Kf1 Ke5 39. Bc7 c4 40. Ke2 Bc5
41. Kf3 cxb3 42. axb3 Kd4 43. Ba5 Bb6 44. Bb4 c5 45. Bd2 c4 46. Bb4 Bc7 47. Bd2
a6 48. Bb4 a5 49. Bd2 cxb3 50. cxb3 Kd3 51. Be1 Kc2 52. Bf2 Kxb3 53. Bd4 a4 0-1

[Event "European Rapid 2014"]
[Site "Wroclaw POL"]
[Date "2014.12.20"]
[Round "2.40"]
[White "Krasenkow, Michal"]
[Black "Dzierzak, Radoslaw"]
[Result "0-1"]
[WhiteTitle "GM"]
[WhiteElo "2614"]
[BlackElo "2109"]
[WhiteFideId "1113100"]
[BlackFideId "1161407"]
[EventDate "2014.12.20"]

1. d4 Nf6 2. Bg5 d5 3. Nd2 Nbd7 4. e3 h6 5. Bh4 e6 6. Ngf3 Be7 7. c4 O-O 8. Bd3
c5 9. O-O b6 10. cxd5 Nxd5 11. Bg3 Bb7 12. a3 cxd4 13. exd4 N7f6 14. Ne5 Bd6 15.
Qe2 Rc8 16. f4 Ne7 17. Bh4 Nfd5 18. f5 f6 19. Ng4 Nf4 20. Rxf4 Bxf4 21. Qxe6+
Kh7 22. Ne4 Qxd4+ 23. Kh1 Qxd3 24. Nexf6+ gxf6 25. Qxe7+ Kg8 26. Qxb7 Qxf5 27.
Nxf6+ Kh8 28. Rf1 Rc1 29. Rxc1 Bxc1 30. Qa6 Bxb2 0-1

[Event "European Rapid 2014"]
[Site "Wroclaw POL"]
[Date "2014.12.20"]
[Round "2.41"]
[White "Caprino, Marco"]
[Black "Bortnyk, Olexandr"]
[Result "0-1"]
[BlackTitle "IM"]
[WhiteElo "2071"]
[BlackElo "2533"]
[WhiteFideId "841323"]
[BlackFideId "14120828"]
[EventDate "2014.12.20"]

1. e4 Nf6 2. e5 Nd5 3. c4 Nb6 4. c5 Nd5 5. Nc3 e6 6. d4 d6 7. cxd6 cxd6 8. Nf3
Nc6 9. Bb5 Nxc3 10. bxc3 Qa5 11. Qd3 a6 12. Bxc6+ bxc6 13. O-O d5 14. Bd2 Qb5
15. Qc2 c5 16. Rfb1 Qc4 17. Be3 cxd4 18. Bxd4 Be7 19. Qb3 Qxb3 20. axb3 Bb7 21.
Kf1 Kd7 22. Ke2 Bc6 23. b4 Bb5+ 24. Kd2 g5 25. Be3 g4 26. Nd4 Bc4 27. f4 gxf3
28. gxf3 Rhg8 29. Rg1 Rg6 30. Rg4 Bd8 31. Kc2 Bc7 32. Rxg6 hxg6 33. Bf4 f6 34.
Re1 a5 35. Nxe6 axb4 36. cxb4 fxe5 37. Nc5+ Kc6 38. Bxe5 Ra2+ 39. Kc3 Ra3+ 40.
Kd4 Bb6 41. Re3 Ra4 42. Bf6 Rxb4 43. Re6+ Kb5 44. Rxb6+ Kxb6 45. Nd7+ Kb5 46.
Ne5 Ba2+ 47. Ke3 d4+ 48. Kd2 Rb2+ 49. Kd3 Kc5 50. Ng4 Bb1# 0-1

[Event "European Rapid 2014"]
[Site "Wroclaw POL"]
[Date "2014.12.20"]
[Round "2.42"]
[White "Shimanov, Aleksandr"]
[Black "Adamowicz, Katarzyna"]
[Result "1-0"]
[WhiteTitle "GM"]
[BlackTitle "WFM"]
[WhiteElo "2591"]
[BlackElo "2194"]
[WhiteFideId "4198603"]
[BlackFideId "1134043"]
[EventDate "2014.12.20"]

1. e4 e5 2. f4 exf4 3. Bc4 Nf6 4. Nc3 Bb4 5. e5 d5 6. Bb5+ c6 7. exf6 cxb5 8.
fxg7 Rg8 9. Qe2+ Be6 10. a3 Ba5 11. d4 Nc6 12. Nf3 Qf6 13. b4 Nxd4 14. Nxd4 Qxd4
15. Bb2 Bb6 16. Na4 Qf2+ 17. Qxf2 Bxf2+ 18. Kxf2 bxa4 19. Bf6 Rc8 20. c3 Bf5 21.
Rhe1+ Be4 22. Rad1 1-0

[Event "European Rapid 2014"]
[Site "Wroclaw POL"]
[Date "2014.12.20"]
[Round "2.43"]
[White "Marutkins, Olegs"]
[Black "Popov, Valerij"]
[Result "0-1"]
[BlackTitle "GM"]
[WhiteElo "2128"]
[BlackElo "2555"]
[WhiteFideId "11600012"]
[BlackFideId "4119410"]
[EventDate "2014.12.20"]

1. e4 c5 2. Nf3 d6 3. d4 Nf6 4. Nc3 cxd4 5. Nxd4 a6 6. Be3 e5 7. Nb3 Be6 8. f3
h5 9. Nd5 Nxd5 10. exd5 Bf5 11. Bd3 Bxd3 12. Qxd3 Nd7 13. c4 Be7 14. O-O O-O 15.
f4 Rc8 16. f5 e4 17. Qxe4 Bf6 18. Qf3 Rxc4 19. Rac1 Ra4 20. Qxh5 Bxb2 21. Rc2
Nf6 22. Qf3 Be5 23. Rfc1 Ng4 24. g3 Re8 25. Re2 Nxe3 26. Rxe3 Rxa2 27. Rce1 a5
28. Kh1 a4 29. Nc1 Ra1 30. Qe2 Qa5 31. Qd3 Rc8 0-1

[Event "European Rapid 2014"]
[Site "Wroclaw POL"]
[Date "2014.12.20"]
[Round "2.44"]
[White "Belous, Vladimir"]
[Black "Paszewski, Mateusz"]
[Result "1-0"]
[WhiteTitle "GM"]
[WhiteElo "2578"]
[BlackElo "2191"]
[WhiteFideId "4174003"]
[BlackFideId "1141058"]
[EventDate "2014.12.20"]

1. d4 d5 2. c4 c6 3. Nf3 Nf6 4. e3 e6 5. Bd3 Nbd7 6. O-O Bd6 7. b3 Qe7 8. Bb2 e5
9. dxe5 Nxe5 10. cxd5 Nxd5 11. Nc3 Nxc3 12. Bxc3 Bg4 13. Be2 Nxf3+ 14. Bxf3 Bxf3
15. Qxf3 O-O 16. Rad1 Be5 17. Bxe5 Qxe5 18. Rd7 Rab8 19. Rfd1 h6 20. g3 a5 21.
R1d4 Qe6 22. Qf4 Qg6 23. Kg2 Qb1 24. Rxf7 Rxf7 25. Qxb8+ Kh7 26. Qe8 Rf6 27.
Qe4+ Qxe4+ 28. Rxe4 c5 29. Re7 b6 30. Rd7 a4 31. bxa4 Rc6 32. Rd3 Rc7 33. Rd6
Ra7 34. Rxb6 Rxa4 35. Rc6 c4 36. h4 Kg8 37. Rc7 Kf8 38. h5 Ke8 39. Rxg7 c3 40.
Rc7 Ra3 41. f4 Rxa2+ 42. Kf3 c2 43. Ke4 Kd8 44. Rc3 Kd7 45. Kd3 Ra3 46. Kxc2 1-0